Out of the past, a new honduran culture of resistance /
محفوظ في:
| المؤلف الرئيسي: | |
|---|---|
| التنسيق: | نص |
| الوسوم: |
إضافة وسم
لا توجد وسوم, كن أول من يضع وسما على هذه التسجيلة!
|
MARC
| LEADER | 00000 a a2200000 04500 | ||
|---|---|---|---|
| 001 | 43715 | ||
| 003 | |||
| 040 | |||
| 100 | |a Frank, Dana | ||
| 245 | |a Out of the past, a new honduran culture of resistance / |c Dana Frank | ||
| 773 | |g volumen43, número3 ( , 2010), páginas 6-10 | ||
| 999 | |c 30681 |d 30681 | ||
